000 00987cam a22003137a 4500
003 CHAP
005 20220329141758.0
008 971013s1955 r 00010 d
010 _a73704
011 _a74676
035 _a84235
040 _cCHAP
090 _aFolleto 1452
100 0 0 _aGarmendia Flores, Guillermo.
_946907
245 0 _aMonografía del rancho La Fortuna
260 _aMéxico, D.F. :
_bDirección General de Conservación de Suelo y Agua,
_c(1955)
300 _a26 h.
500 _aMimeógrafo
590 _aBATCH-UPD
_b10
_c20130110
_lUCH01
_h0739
590 _aBATCH-UPD
_b10
_c20130410
_lUCH01
_h0421
590 _aBATCH-UPD
_b10
_c20130914
_lUCH01
_h1531
590 _aCONVERSION
_b10
_c20130109
_lUCH01
_h1340
650 1 4 _aAgua
_xConservacion.
_92319
650 1 4 _aSuelos
_xConservación.
_9110283
901 _aBK
942 _cFOLL
949 _aFolleto 1452
_bBC
_cFOLL
_d-39451
_eTS1
_i84235
_si
949 _aFolleto 1452
_bBC
_cFOLL
_d-39452
_eTS2
_fc.2
_i84235
_si
999 _c73704
_d73704